000 00650nam a2200217Ia 4500
003 IN-BaIIA
008 211028s9999 xx 000 0 eng d
020 _a0-7167-1160-5
040 _cIIA Library
080 _a52
_bHOY
100 _aHoyle, Fred
_92304
245 4 _aThe physics-astronomy frontier
_cFred Hoyle and Jayant Narlikar
260 _aSan Francisco
_bW. H. Freeman
_c1980
300 _ax, 483p.
650 _aAstronomy
_980
650 _aAstronomy and astrophysics thesaurus
650 _aAstrophysics
_9794
650 _aPhysics
_973
700 _aNarlikar, Jayant
_912165
942 _cBK
999 _c7100
_d7100